Countries that Border the Atlantic Ocean - Statistics

General Stats
  • This quiz has been taken 211 times
  • The average score is 82 of 93
Answer Stats
Answer % Correct
United Kingdom
100%
France
99%
Spain
98%
Brazil
97%
Italy
97%
Canada
96%
Ireland
96%
Portugal
96%
United States of America
96%
Belgium
95%
Norway
95%
Argentina
94%
Denmark
94%
Germany
94%
Mexico
94%
Morocco
94%
Sweden
94%
Algeria
93%
Finland
93%
Greece
93%
Guyana
93%
Netherlands
93%
Russia
93%
Suriname
93%
Egypt
92%
Uruguay
92%
Albania
91%
Bosnia and Herzegovina
91%
Iceland
91%
Israel
91%
Panama
91%
South Africa
91%
Turkey
91%
Venezuela
91%
Colombia
90%
Croatia
90%
Dominican Republic
90%
Costa Rica
89%
Estonia
89%
Latvia
89%
Benin
88%
Cuba
88%
Gambia
88%
Honduras
88%
Senegal
88%
Togo
88%
Tunisia
88%
Barbados
87%
Libya
87%
Lithuania
87%
Namibia
87%
Angola
86%
Democratic Republic of the Congo
86%
Dominica
86%
Guatemala
86%
Monaco
86%
Nicaragua
86%
Poland
86%
Jamaica
85%
Lebanon
85%
Montenegro
85%
Republic of the Congo
85%
St. Lucia
85%
Antigua and Barbuda
84%
Bahamas
84%
Belize
84%
Equatorial Guinea
84%
Haiti
84%
Sierra Leone
84%
Syria
84%
Chile
83%
Gabon
83%
Ghana
83%
Guinea
83%
Liberia
83%
Malta
83%
Nigeria
83%
Slovenia
83%
Cyprus
82%
St. Vincent and the Grenadines
82%
Trinidad and Tobago
82%
Cameroon
81%
St. Kitts and Nevis
81%
Ukraine
81%
Mauritania
80%
Bulgaria
79%
Guinea-Bissau
79%
Ivory Coast
79%
Romania
78%
Cape Verde
76%
Grenada
76%
Georgia
73%
São Tomé and Príncipe
73%
No matching quizzes found
Score Distribution
Percent of People with Each Score
Percentile by Number Answered
Your Score History
You have not taken this quiz